• 首页
  • 本馆介绍
  • 公告通知
  • 最新文献
  • 馆藏检索
  • 电子资源
  • 读者导购
  • 参考咨询
  • 我的图书馆
  • 登录
  • 详细信息显示
  • 放入我的书架
  • 预约/预借图书
  • 作者相关作品
  • 分类相关作品
  • 丛书相关作品
  • 出版社相关作品

书目信息

  • 表格格式
  • 工作单格式
  • 卡片格式
题名:
生活花艺
    
 
作者: 何小唐 编著
分册:  
出版信息: 北京   世界图书出版公司  1999
页数: 151页
开本: 20cm
丛书名:
单 册:
中图分类: S688.2
科图分类:
主题词: 花卉装饰
电子资源:
ISBN: 7-5062-3470-X
000 00685nam0 2200241 450
001 0537178781
005 20051101102447.26
010    @a7-5062-3470-X@dCNY20.00
092    @aCN
100    @a20051101d1999 km y0chiy0120 ea
101 0  @achi
102    @aCN@b110000
105    @aa z 000yy
200 1  @a生活花艺@Asheng huo hua yi@e花语·花饰·花典@f何小唐编著@Fhe xiao tang bian zhu
205    @a增订版
210    @a北京@c世界图书出版公司@d1999
215 1  @a151页@d20cm
517 1  @a花语·花饰·花典@Ahua yu·hua shi·hua dian
606 0  @a花卉装饰
690    @aS688.2@v4
701  0 @a何小唐@Ahe xiao tang@4编著
801  0 @aCN@bPFT@c20051101
905    @a10447@dS688.2@e109=2
    
    生活花艺:花语·花饰·花典/何小唐编著.-增订版.-北京:世界图书出版公司,1999
    151页;20cm
    
    
    ISBN 7-5062-3470-X:CNY20.00
    
●
相关链接 在E读中查询图书 在五车中查询图书 在当当中查询图书 在豆瓣中查询图书


正题名:生活花艺     索取号:S688.2/109=2         预约/预借

序号 登录号 条形码 馆藏地/架位号 状态 备注
1 0337544   203375445   第二样本阅览室/ [索取号:S688.2/109=2] 在馆    
2 0337545   203375454   第三借阅区/ [索取号:S688.2/109=2] 在馆    
3 0337546   203375463   第三借阅区/ [索取号:S688.2/109=2] 在馆    
唐山师范学院图书馆 欢迎您!
大连网信软件有限公司© 版权所有